000 00733nam a2200193Ia 4500
008 0000001987 sp a 0000000000spa00
090 _aPSP00 M65j
100 1 _aMondejar, José
_d1944
245 1 0 _aJosé Mondejar
300 _a[12] p.
_c/ 15 cm.
500 _aExposición realizada en Velázquez Galería de Arte, Valladolid, Junio 1120, 1987 \ Con el patronazgo del maestro venezolano Jesús Rafael Soto (q.e.p.d.) \
600 0 0 _aMONDEJAR, JOSE, 1944/
_xTRABAJOS PICTORICOS
650 1 4 _aARTE CONTEMPORANEO ESPAÑOL
650 1 4 _xCATALOGOS
650 1 4 _xEXPOSICIONES
650 1 4 _aPINTORES ESPAÑOLES
650 1 4 _aPINTURA ESPAÑOLA
999 _c6641
_d6641
260 _aValladolid (España) : Velazquez Galería de Arte
_c1987